[Event "GCT 2021 - Superbet Chess Classic"]
[Site "Bucarest"]
[Date "07.06.2021"]
[Round "3"]
[White "Deac, Bogdan-Daniel"]
[Black "Mamedyarov, Shakhriyar"]
[Result "1/2-1/2"]
[WhiteElo "2627"]
[BlackElo "2770"]
[EventDate "2021.06.05"]

1. d4 Nf6 2. c4 e6 3. Nf3 d5 4. g3 dxc4 5. Bg2 Nc6 6. Qa4 Bb4+ 7. Bd2 Nd5
8. Bxb4 Ndxb4 9. O-O Rb8 10. Na3 O-O 11. Qb5 b6 12. Qxc4 Ba6 13. Nb5 Qe8
14. Rfc1 Nd5 15. e4 Na5 16. Nxc7 Nxc4 17. Nxe8 Rfxe8 18. exd5 exd5 19. b3
Nd6 20. Ne5 Bb7 21. Nc6 Bxc6 22. Rxc6 Nb5 23. Bxd5 Re7 24. Bc4 Nxd4 25. Rd6
Nf3+ 26. Kg2 Ne1+ 27. Kf1 Nf3 28. h3 g5 29. Rad1 Ne5 30. R6d5 h6 31. Ba6
Kg7 32. Kg2 Rbe8 33. a4 Rc7 34. a5 Re6 35. Re1 Kf6 36. axb6 axb6 37. Re4
Rc3 38. Rb5 Nd7 39. Rxe6+ Kxe6 40. Rb4 Kd6 41. Bc4 f6 42. Rb5 Ke7 43. f4
Rc2+ 44. Kf3 Rc3+ 45. Kg2 Rc2+ 46. Kf3 Rc3+ 47. Kg2 Rc2+ 48. Kf3 Rc3+ 1/2-1/2